000 00413nam a22001337a 4500
003 OSt
005 20201022151804.0
008 201022b 1959 dr 00| 0 eng d
040 _aDO-SdBNP
_bspa
_cBNPHU
245 0 0 _aEstatutos fundamentales del Club “2 De Julio”, Inc
260 _aSan Pedro de Macorís, República Dominicana :
_bTipografía Cervantes,
_c1959.
300 _a27 p.
_c22 cm.
942 _2ddc
_cLBS1
999 _c48947
_d48947